Statistics for 2023 NASCAR Cup Series Lap Leaders

Click here to take the quiz!

General Stats

  • This quiz has been taken 11 times
  • The average score is 31 of 41

Answer Stats

HintAnswer% Correct
89Alex Bowman
100%
195Chase Elliott
100%
599Christopher Bell
100%
998Denny Hamlin
100%
308Joey Logano
100%
157Kevin Harvick
100%
241Kyle Busch
100%
1127Kyle Larson
100%
899Martin Truex Jr.
100%
562Ryan Blaney
100%
1016William Byron
100%
64AJ Allmendinger
90%
184Chase Briscoe
90%
48Daniel Suarez
90%
97Michael McDowell
90%
640Ross Chastain
90%
173Aric Almirola
80%
33Austin Cindric
80%
19Austin Dillon
80%
2Noah Gragson
80%
39Ricky Stenhouse Jr.
80%
149Ryan Preece
80%
470Tyler Reddick
80%
341Brad Keselowski
70%
285Bubba Wallace
70%
255Chris Buescher
70%
1Cody Ware
70%
24Erik Jones
70%
13Josh Berry
70%
10Shane van Gisbergen
70%
11Ty Dillon
70%
112Ty Gibbs
70%
66Corey LaJoie
60%
25Harrison Burton
60%
24Justin Haley
60%
2Travis Pastrana
40%
3Zane Smith
40%
2BJ McLeod
30%
10Riley Herbst
30%
6JJ Yeley
20%
1Josh Bilicki
0%

Score Distribution

Percentile by Number Answered

Percent of People with Each Score

Your Score History

You have not taken this quiz